Statistiques concernant Cantons du Var

Cliquez ici pour prendre le quiz!

Statistiques générales

  • Ce quiz a été pris 63 fois
  • Le résultat moyen est 11 sur 23

Statistiques - réponses

Réponse% Correct
Draguignan
91%
Fréjus
89%
Brignoles
80%
Hyères
80%
Saint-Raphaël
77%
Sainte-Maxime
63%
Saint-Maximin-la-Sainte-Baume
63%
Toulon-1
54%
Toulon-2
54%
Toulon-3
54%
Toulon-4
54%
Le Luc
46%
La Crau
40%
La Garde
40%
Ollioules
31%
Roquebrune-sur-Argens
31%
Vidauban
31%
La Seyne-sur-Mer-1
29%
La Seyne-sur-Mer-2
29%
Solliès-Pont
26%
Garéoult
23%
Saint-Cyr-sur-Mer
23%
Flayosc
14%

Distribution des résultats

Percentile par nombre de réponses

% des personnes avec chaque résultat

Votre développement - résultats

Vous n’avez pas pris ce quiz